Behavioral and quantitative perspectives on terrorism /

Bibliographic Details
Other Authors: Alexander, Yonah, Gleason, John M. (John Marquis), 1942-
Format: Book
Language:English
Published: New York : Pergamon Press, [1981]
Series:Pergamon policy studies on international politics.
Pergamon policy studies.
Subjects:

MARC

Tag First Indicator Second Indicator Subfields
LEADER 00000cam a22000008a 4500
001 in00000071099
005 20151008062045.0
008 801117s1981 nyua b 00100 engm
010 |a  80039752  
020 |a 0080259898 
035 |a (OCoLC)07170970 
035 |9 AAJ9423AM 
040 |a DLC  |c DLC  |d m.c.  |d TXA  |d UtOrBLW 
049 |a TXAM  |c [1803429] 
050 0 0 |a HV6431  |b .B4 1981 
082 0 |a 303.6/2  |2 19 
245 0 0 |a Behavioral and quantitative perspectives on terrorism /  |c edited by Yonah Alexander, John M. Gleason. 
263 |a 8111 
264 1 |a New York :  |b Pergamon Press,  |c [1981] 
264 4 |c ©1981 
300 |a xix, 396 pages :  |b illustrations ;  |c 24 cm. 
336 |a text  |b txt  |2 rdacontent 
337 |a unmediated  |b n  |2 rdamedia 
338 |a volume  |b nc  |2 rdacarrier 
490 1 |a Pergamon policy studies on international politics 
490 1 |a Pergamon policy studies 
500 |a Includes index. 
504 |a Bibliography: pages 363-383. 
650 0 |a Terrorism. 
650 0 |a Terrorism  |x Statistics. 
650 0 |a Terrorism  |x Psychological aspects. 
700 1 |a Alexander, Yonah. 
700 1 |a Gleason, John M.  |q (John Marquis),  |d 1942- 
830 0 |a Pergamon policy studies on international politics. 
830 0 |a Pergamon policy studies. 
999 |a MARS 
999 f f |s 2dde98b6-bcc5-3310-9d9b-e5e1f19ac2a6  |i 50653be7-b12b-3341-88d7-cf8796555269  |t 0 
952 f f |p ric  |a Texas A&M University  |b Rellis Campus  |c Joint Library Facility  |d Remote Storage  |t 0  |e HV6431 .B4 1981  |h Library of Congress classification  |i unmediated -- volume  |m A14806146754 
998 f f |a HV6431 .B4 1981  |t 0  |l Remote Storage